000 00197 a2200097 4500
001 10133
100 _aHoffmann, S
245 _aState of war, The
260 _a
_bPallmall
_c
090 _c7878
_d7878
942 _aNUST-CAE
_cM
_c34575
999 _c245206
_d245206